|
|
|
|
| LEADER |
007150000a22001690004500 |
| 082 |
|
|
|a 641.3 PAN/SU
|
| 100 |
|
|
|a PANDA, S C
|f Author
|
| 245 |
|
|
|a SUSTAINABLE FOOD AND SECURITY IN NATIONAL ECONOMY
|
| 260 |
|
|
|a JODHPUR, AGROBIOS
|
| 260 |
|
|
|c 2010
|
| 300 |
|
|
|a pages 481
|
| 650 |
|
|
|a ROLE OF SUSTAINABLE AGRICULTURE
|
| 650 |
|
|
|a SUSTAINABLE FOOD NUTRITION SECURITY
|
| 942 |
|
|
|c BK
|
| 999 |
|
|
|c 167127
|d 167127
|
| 952 |
|
|
|0 0
|1 0
|4 0
|6 641_300000000000000_PAN_SU
|7 0
|9 170782
|a KAUCOAP
|b KAUCOAP
|c GEN
|d 2013-07-24
|g 1595.00
|o 641.3 PAN/SU
|p KAU_COAP07088
|r 2013-07-24
|w 2018-06-11
|y BK
|
| 952 |
|
|
|0 0
|1 0
|4 0
|6 641_300000000000000_PAN_SU
|7 0
|9 170783
|a KAUCOAP
|b KAUCOAP
|c GEN
|d 2013-08-12
|g 1595.00
|o 641.3 PAN/SU
|p KAU_COAP07087
|r 2013-08-12
|w 2013-08-12
|y BK
|